Представление документа в формате MARC21

Поле Инд. ПП Название Значение
Тип записи a
Библиографический уровень b
001 Контрольный номер RU/IS/BASE/148579113
005 Дата корректировки 20200608194357.2
084 a Индекс другой классификации/Индекс ББК 66.4(4),60; 66.4(2Рос),03
100 1_ a Автор Пугачев В. П.
245 a Заглавие Россия и Европа в XXI веке: интеграция или конфронтация?
504 a Библиография Библиогр. ссылки
650 a Основная рубрика внешняя политика
a Основная рубрика международные отношения
a Основная рубрика политика
653 a Ключевые слова геополитика
a Ключевые слова Европа
a Ключевые слова Европейский союз (ЕС)
a Ключевые слова мировая политика
a Ключевые слова общеевропейская интеграция
a Ключевые слова политическая интеграция
a Ключевые слова Россия
773 t Заглавие источника Вестник Московского университета. Серия 18, Социология и политология
d Дата издания источника 2001
g Прочая информация № 2. - С. 3 - 14
w Контрольный № источника RU/IS/BASE/148578705
901 t Тип документа b